Responses for Show #5571 - Monday, November 24, 2008

Contestants

[<< previous game]

Jean MacKay Jackson, an online researcher from Tulsa, Oklahoma

Nathaniel Barnes, a composer and bartender from Toronto, Ontario, Canada

Brian Muth, a headmaster from Napa, California (whose 2-day cash winnings total $43,800)

[next game >>]

Jeopardy! Round responses

DR. ALEX' OLD-TIME FEEL-GOOD MEDICINE SHOW
SULLIVAN AWARD WINNERS
(Alex: It helps if you know what the Sullivan Award was.)
YOU'RE A REAL GEM!
HUEY LONG & THE NEWS
15 MINUTES OF FAME
"E" FOR EFFORT
    $200 21
arthritis

Jean
    $200 26
(Mark) Spitz

Nathaniel
    $200 15
a pearl

Nathaniel
    $200 10
Tulane

Triple Stumper
    $200 20
Elián González

Brian
    $200 1
an episode

Jean
    $400 22
ulcers

Brian
    $400 27
Michael Phelps

Brian
    $400 16
a diamond jubilee

Nathaniel
    $400 11
Standard Oil

Brian
    $400 6
"Don't tase me"

Nathaniel
    $400 2
the Erie Canal

Brian
    $600 23
(Jean: What is a headache?)
(Alex: Be more specific.)

migraine

Jean
    $600 28
Michelle Kwan

Nathaniel
    $600 17
a ruby

Nathaniel
    $600 12
king

Jean
    $600 7
Valerie Plame

Jean
    $600 3
an eruption

Nathaniel
    $800 24
baldness

Jean
    $800 29
Bobby Jones

Brian
    $800 18
jaded

Triple Stumper
    $1,000 13
(Jean: What is New Orleans?)
(Alex: No, you had a choice, I know, New Orleans or [*], and it is [*].)

Baton Rouge

Jean
    $800 8
Runaway Bride

Triple Stumper
    $800 4
Elsie

Jean
    $1000 25
(Alex: Yeah. You know what? I missed my calling. I should have been a medicine man.)

lumbago

Brian
    $1000 30
Paul Hamm

Triple Stumper
    $1000 19
jet

Jean
    $1000 14
Earl Long

Triple Stumper
    $1000 9
Linda Tripp

Brian
    $1000 5
the Enigma Variations

Nathaniel

Scores at the first commercial break (after clue 15):

Brian Nathaniel Jean
$1,800 $2,200 $1,200

Scores at the end of the Jeopardy! Round:

Brian Nathaniel Jean
$4,600 $4,000 $3,800

Double Jeopardy! Round responses

THE GREAT CANADIAN NOVEL
KINGS OF THE BIG SCREEN
(Alex: ...and you have to identify the king played by each actor.)
SERIOUS ABOUT CEREAL
ASTRONOMERS
ALL MY "EX"ES
LIVE IN TEXAS
    $400 9
Quebec

Nathaniel
    $400 1
the King of Siam

Nathaniel
    $400 21
fiber

Brian
    $400 17
stars

Nathaniel
    $400 4
complexion

Jean
    $400 26
Crawford

Jean
    $800 10
Noah's Ark

Nathaniel
    $800 2
Henry V

Nathaniel
    $800 22
a puff

Brian
    $3,000 3
(Nicolaus) Copernicus

Nathaniel
    $800 5
(Jean: What is extra... [*]?)

extravehicular

Jean
    $800 27
Walter Cronkite

Jean
    $1200 11
The English Patient

Nathaniel
    $1200 18
(Alex: Yes, in The Other Boleyn Girl.)

Henry VIII

Nathaniel
    $1200 23
sugar

Nathaniel
    $1200 14
Alexandria

Nathaniel
    $1200 6
Plexiglas

Triple Stumper
    $1200 28
Clyde (Barrow)

Brian
    $1600 12
Margaret Atwood

Nathaniel
    $1600 19
(Alex: The Madness of King George, yes.)

George III

Nathaniel
    $1600 24
shredded

Jean
    $1600 15
(Brian: What is excommunication?)
[Originally ruled incorrect, later ruled correct]
...
(Nathaniel: What is death?)
(Alex: Be more specific.)
(Nathaniel: Um, uh, execution?)
(Alex: Be more specific.)
(Nathaniel: Uhh...)
(Alex: Sorry.)
[Nathaniel was later given back his $1600.]

he was burned at the stake

Brian
    $2,000 7
a sexton

Jean
    $1600 29
(Howard) Hughes

Brian
    $2000 13
The Stone Diaries

Triple Stumper
    $2000 20
King David

Triple Stumper
    $2000 25
groats

Jean
    $2000 16
Ptolemy

Nathaniel
    $2000 8
deus ex machina

Nathaniel
    $2000 30
(Ross) Perot

Nathaniel

Scores at the end of the Double Jeopardy! Round:

Brian Nathaniel Jean
$10,200 $23,800 $11,800
(lock game)

[wagering suggestions for these scores]

Final Jeopardy! Round responses

SHAKESPEARE'S WOMEN
BrianWho is Lady MacBeth
$8,000
JeanWho is Lady Macbeth?
$11,800
NathanielWho is Lady MacBeth?
$100
Lady Macbeth

Final scores:

Brian Nathaniel Jean
$18,200 $23,900 $23,600
3rd place: $1,000 New champion: $23,900 2nd place: $2,000

Game dynamics:

Coryat scores:

Brian Nathaniel Jean
$10,200 $21,600 $12,400
13 R,
0 W
23 R
(including 1 DD),
0 W
15 R
(including 1 DD),
1 W
(including 1 DD)

Combined Coryat: $44,200

[game clues] [game scores] [suggest correction]

Game tape date: 2008-09-26
The J! Archive is created by fans, for fans. Scraping, republication, monetization, and malicious use prohibited; this site may use cookies and collect identifying information. See terms. The Jeopardy! game show and all elements thereof, including but not limited to copyright and trademark thereto, are the property of Jeopardy Productions, Inc. and are protected under law. This website is not affiliated with, sponsored by, or operated by Jeopardy Productions, Inc. Join the discussion at JBoard.tv.